| 000 | 00809nam a2200277 i 4500 | ||
|---|---|---|---|
| 001 | 40287 | ||
| 003 | ES-MaACL | ||
| 005 | 20250830095352.0 | ||
| 007 | t| | ||
| 008 | 030305s1977 sp ||||1| spa d | ||
| 020 | _a84-7423-015-2 | ||
| 080 | _a330.852(04) | ||
| 080 | _a321(04) | ||
| 100 | 1 |
_aCarrillo, Santiago, _d1915-2012 _9240177 |
|
| 245 | 1 | 0 |
_aEurocomunismo y Estado / _cSantiago Carrillo. |
| 260 |
_aBarcelona : _bCrítica, _c[1977] |
||
| 300 |
_a218 p. ; _c20 cm. |
||
| 490 | 1 |
_aTemas hispánicos ; _v17 |
|
| 500 | _aBiblioteca Juan Andrade. | ||
| 650 | 1 | 7 |
_aEstado _2embne _912523 |
| 650 | 1 | 4 |
_aEurocomunismo. _912610 |
| 830 | 0 |
_aTemas hispánicos ; _v17 _9177821 |
|
| 852 |
_aES-MaACL _jA-6742 _bR.95873 |
||
| 852 |
_aES-MaACL _jAND-600 _bR.109898 |
||
| 999 |
_c40287 _d40287 |
||